000 00366nam a2200133Ia 4500
008 220217s9999||||xx |||||||||||||| ||und||
020 _a8187134496
082 _a530 GOS
100 _aGoswami, S N
_98070
245 0 _aAdvanced problems and sollutions in physics
260 _aAllied publishers
_bKolkota
_c2010
300 _aIV,627p.
_b245
650 _aPHYSICS
999 _c182614
_d182614